| 000 | 01620nam0a22003251 4500 | ||
|---|---|---|---|
| 001 | rc\4504446 | ||
| 005 | 20130416174042.7 | ||
| 021 |
_aRU _b[60-7591] |
||
| 035 | _a(NLR Aleph) 008615075 | ||
| 090 |
_a8787659 _c8787659 |
||
| 100 | _a20130416d1959 |||y0rusy50 ca | ||
| 101 | 0 | _arus | |
| 102 | _aRU | ||
| 105 | _ay z ||||| | ||
| 200 | 1 |
_aОзнаменование 100-летия со дня рождения А.П. Чехова в школах и внешкольных учреждениях УССР _e(Метод. письмо) _fМ-во просвещения УССР. Респ. метод. кабинет худож. воспитания детей |
|
| 210 |
_aКиев _cБ. и. _d1959 |
||
| 215 |
_a51 с. _d20 |
||
| 300 | _aСост. указан на 29-й с.: канд. филол. наук С.М. Корсунская | ||
| 320 | _aБиблиогр.: с. 27-29 (43 назв.) | ||
| 327 | 0 | _aВ прил.: Инсценировки по рассказам А.П. Чехова | |
| 464 | 0 | _12001#$aИнсценировки по рассказам А.П. Чехова | |
| 606 |
_aРусская литература _z19-20 вв. _jМетодические пособия _2psbo |
||
| 700 | 1 |
_aКорсунская _bС. М. _gСофия Моисеевна _4220 |
|
| 702 | 1 |
_aЧехов _bА. П. _cписатель _f1860-1904 _gАнтон Павлович _3RU\NLR\AUTH\77359 _4570 |
|
| 712 | 0 | 2 | _aУкр. респ. метод. кабинет худож. воспитания детей |
| 801 | 0 |
_aRU _bNLR _gpsbo |
|
| 801 | 1 |
_aRU _bELAR _2rusmarc |
|
| 852 |
_aNLR _j60-4/1318 |
||
| 942 | _cBOOK | ||
| 980 | _aNB | ||